Simple History of Modern Europe / (Record no. 6264)
[ view plain ]
| 000 -LEADER | |
|---|---|
| fixed length control field | 00264cam a2200109ua 4500 |
| 082 ## - DEWEY DECIMAL CLASSIFICATION NUMBER | |
| Classification number | 940 |
| Item number | SUR/SI |
| 100 ## - MAIN ENTRY--AUTHOR NAME | |
| Personal name | Surjeet, . |
| 245 ## - TITLE STATEMENT | |
| Title | Simple History of Modern Europe / |
| 260 ## - PUBLICATION, DISTRIBUTION, ETC. (IMPRINT) | |
| Place of publication | Delhi : |
| Name of publisher | Surjeet book depot , |
| Year of publication | 1971. |
| 300 ## - PHYSICAL DESCRIPTION | |
| Number of Pages | ; . |
| 942 ## - ADDED ENTRY ELEMENTS (KOHA) | |
| Koha item type | Books |
| Withdrawn status | Lost status | Damaged status | Home library | Current library | Date acquired | Full call number | Accession Number | Koha item type |
|---|---|---|---|---|---|---|---|---|
| Withdrawn | KAUAET | Sanskrit University | 07/04/2012 | 940 | 13294 | Books |
